Distribution of phytoplankton in Alabama lakes /

Bibliographic Details
Main Author: Taylor, W. D. (William Dee) (Author)
Format: Government Document eBook
Language:English
Published: Las Vegas, Nevada : Environmental Monitoring and Support Laboratory, Office of Research and Development, U.S. Environmental Protection Agency, 1977.
Series:Research reporting series. Ecological research ; EPA-600/3-77-082.
Subjects:
Online Access:https://purl.fdlp.gov/GPO/gpo86287

MARC

Tag First Indicator Second Indicator Subfields
LEADER 00000cam a2200000 i 4500
001 in00003971213
005 20211120182634.0
006 m o d f
007 cr bn||||||abp
008 100703s1977 nvua ob f000 0 eng c
019 |a 297376273 
035 |a (OCoLC)ocn645851534 
042 |a pcc 
043 |a n-us-al 
040 |a OCLCE  |b eng  |e rda  |e pn  |c OCLCE  |d OCLCQ  |d OCLCF  |d OCLCO  |d OCLCQ  |d GPO  |d MvI 
049 |a WWW 
074 |a 0431-I-11 (online) 
086 0 |a EP 1.23:600/3-77-082 
100 1 |a Taylor, W. D.  |q (William Dee),  |e author. 
245 1 0 |a Distribution of phytoplankton in Alabama lakes /  |c by W.D. Taylor [and eight others]. 
264 1 |a Las Vegas, Nevada :  |b Environmental Monitoring and Support Laboratory, Office of Research and Development, U.S. Environmental Protection Agency,  |c 1977. 
300 |a 1 online resource (v, 51 pages) :  |b illustrations. 
336 |a text  |b txt  |2 rdacontent 
337 |a computer  |b c  |2 rdamedia 
338 |a online resource  |b cr  |2 rdacarrier 
490 1 |a Ecological research series ;  |v EPA-600/3-77-082 
500 |a "July 1977." 
504 |a Includes bibliographical references (page 10). 
536 |e 1BA608 
588 |a Description based on online resource, PDF version; title from title page (EPA, viewed Nov. 6, 2017). 
650 0 |a Phytoplankton  |z Alabama. 
650 0 |a Water quality  |z Alabama. 
650 7 |a Phytoplankton.  |2 fast  |0 (OCoLC)fst01063311 
650 7 |a Water quality.  |2 fast  |0 (OCoLC)fst01171832 
651 7 |a Alabama.  |2 fast  |0 (OCoLC)fst01204694 
710 2 |a Environmental Monitoring and Support Laboratory (Las Vegas, Nev.).  |b Monitoring Operations Division,  |e issuing body. 
776 0 8 |i Print version:  |t Distribution of phytoplankton in Alabama lakes  |w (OCoLC)3393113 
830 0 |a Research reporting series.  |n 3,  |p Ecological research ;  |v EPA-600/3-77-082. 
856 4 0 |u https://purl.fdlp.gov/GPO/gpo86287  |t 0 
999 f f |s 94b312c7-1012-3e50-9d41-a1403f332e0f  |i 65cbce61-aeb5-35e0-a509-8dc9e5126406  |t 0 
952 f f |a Texas A&M University  |b College Station  |c Electronic Resources  |d Available Online  |t 0  |e EP 1.23:600/3-77-082  |h Superintendent of Documents classification 
998 f f |a EP 1.23:600/3-77-082  |t 0  |l Available Online